Five Biggest Countries by Letter #1 - Statistics

General Stats
  • This quiz has been taken 6,636 times
    6,381 since last reset
  • The average score is 26 of 40
Answer Stats
Letter Country % Correct
B Brazil
87%
A Australia
86%
D Denmark
85%
I India
85%
C Canada
84%
A Argentina
82%
C China
82%
K Kazakhstan
80%
A Algeria
79%
I Indonesia
79%
E Ethiopia
74%
G Germany
74%
A Angola
69%
B Bolivia
68%
D D.R. Congo
68%
I Iran
66%
K Kenya
66%
I Iraq
64%
E Egypt
62%
E Eritrea
62%
K Kyrgyzstan
61%
C Colombia
60%
A Afghanistan
59%
B Botswana
59%
C Chile
59%
G Ghana
59%
E Estonia
57%
D Dominican Republic
56%
E Ecuador
56%
I Italy
56%
D Djibouti
55%
C Chad
54%
G Guinea
51%
G Gabon
49%
D Dominica
48%
K Kosovo
47%
B Belarus
46%
K Kuwait
44%
G Guyana
42%
B Burkina Faso
33%
No matching quizzes found
Score Distribution
Percent of People with Each Score
Percentile by Number Answered
Your Score History
You have not taken this quiz since the last reset